|
|
|
|
| LEADER |
00000nam0a2200000 4500 |
| 001 |
354251 |
| 005 |
20231102010655.0 |
| 035 |
|
|
|a (RuTPU)RU\TPU\retro\11509
|
| 090 |
|
|
|a 354251
|
| 100 |
|
|
|a 20200617d1979 km y0rusy50 ca
|
| 101 |
0 |
|
|a rus
|
| 102 |
|
|
|a RU
|
| 105 |
|
|
|a a z 001zy
|
| 200 |
1 |
|
|a Кабели и провода с изоляцией из кремний-органической резины
|f А. Г. Григорьян, Л. И. Кранихфельд, В. Г. Фролов и др.
|g под ред. Л. И. Кранихфельда
|
| 210 |
|
|
|a Москва
|c Энергия
|d 1979
|
| 215 |
|
|
|a 128 с.
|c ил.
|
| 300 |
|
|
|a Авт. указ. на обороте тит. л.
|
| 320 |
|
|
|a Библиогр.: с. 122-124
|
| 606 |
1 |
|
|a Кабели с резиновой изоляцией
|2 stltpush
|3 (RuTPU)RU\TPU\subj\13368
|9 39985
|
| 610 |
1 |
|
|a кабельная изоляция
|
| 610 |
1 |
|
|a кремнийорганические резины
|
| 610 |
1 |
|
|a состав
|
| 610 |
1 |
|
|a эксплуатационные свойства
|
| 610 |
1 |
|
|a технологические свойства
|
| 610 |
1 |
|
|a провода высокого напряжения
|
| 610 |
1 |
|
|a провода низкого напряжения
|
| 610 |
1 |
|
|a изготовление
|
| 610 |
1 |
|
|a технология
|
| 675 |
|
|
|a 621.315.211:621.315.616.7
|v 4
|
| 701 |
|
1 |
|a Григорьян
|b А. Г.
|g Александр Григорьевич
|
| 701 |
|
1 |
|a Кранихфельд
|b Л. И.
|g Лев Исидорович
|
| 701 |
|
1 |
|a Фролов
|b В. Г.
|g Владимир Георгиевич
|
| 701 |
|
1 |
|a Хазен
|b Л. З.
|g Леонид Зельманович
|
| 701 |
|
1 |
|a Бибергаль
|b Л. А.
|g Леонид Анатольевич
|
| 702 |
|
1 |
|a Кранихфельд
|b Л. И.
|g Лев Исидорович
|4 340
|
| 801 |
|
1 |
|a RU
|b 63413507
|c 20200617
|
| 801 |
|
2 |
|a RU
|b 63413507
|c 20201229
|g RCR
|
| 942 |
|
|
|c BK
|